[Event "3rd Dato Arthur Tan"]
[Site "Kuala Lumpur MAS"]
[Date "2006.08.25"]
[Round "8"]
[White "Irwanto,S"]
[Black "Panggabean,H"]
[Result "1-0"]
[WhiteElo "2469"]
[BlackElo "2254"]

1.d4 Nf6 2.c4 e6 3.Nf3 b6 4.g3 Ba6 5.b3 Bb4+ 6.Bd2 Be7 7.Bg2 Bb7 8.O-O O-O
9.Bc3 d6 10.Nbd2 Ne4 11.Bb2 Nxd2 12.Qxd2 Nd7 13.Ne1 Bxg2 14.Nxg2 Bf6 15.e4 c5
16.Rad1 cxd4 17.Bxd4 Qc7 18.Rfe1 Rfd8 19.f4 Bxd4+ 20.Qxd4 Qc5 21.Ne3 Qxd4
22.Rxd4 Nc5 23.Red1 Nb7 24.Kf2 Kf8 25.Kf3 Ke7 26.h4 h5 27.Nc2 Rac8 28.Nb4 g6
29.Nd3 Rc7 30.f5 gxf5 31.exf5 Rg8 32.fxe6 fxe6 33.Nf4 Rc5 34.Re4 Nd8 35.Nd5+ Kf7
36.Rf4+ Kg7 37.b4 e5 38.bxc5 exf4 39.Nxf4 bxc5 40.Rxd6 Rf8 41.Rxd8  1-0

[Event "VII Open"]
[Site "Tarragona ESP"]
[Date "2006.08.26"]
[Round "8"]
[White "Brynell,S"]
[Black "Spraggett,K"]
[Result "0-1"]
[WhiteElo "2502"]
[BlackElo "2577"]

1.d4 Nf6 2.c4 e6 3.Nf3 b6 4.g3 Ba6 5.b3 Bb4+ 6.Bd2 Be7 7.Bg2 d5 8.cxd5 exd5
9.O-O O-O 10.Nc3 Bb7 11.Qc2 Na6 12.Rad1 h6 13.Bc1 Qc8 14.Bb2 Rd8 15.Rc1 Qe6
16.Rfd1 c5 17.dxc5 bxc5 18.Ne1 Nb4 19.Qb1 Rac8 20.Nd3 Nxd3 21.Rxd3 Ba6 22.Rd2 d4
23.Ne4 Nd5 24.Ba3 f5 25.Nxc5 Bxc5 26.Rxc5 Rxc5 27.Bxc5 Nc3 28.Qa1 Nxe2+ 29.Kh1 d3
30.b4 Rd7 31.h3 Bc4 32.Kh2 f4 33.a4 fxg3+ 34.fxg3 Rf7 35.Qe1 Qe5 36.Rd1 a6
37.a5 h5 38.Rc1 h4  0-1

[Event "TCh-Serbia"]
[Site "Zlatibor SCG"]
[Date "2006.08.26"]
[Round "1"]
[White "Stojanovic,Mih"]
[Black "Jovic,A"]
[Result "1-0"]
[WhiteElo "2549"]
[BlackElo "2394"]

1.d4 e6 2.c4 Nf6 3.Nf3 b6 4.g3 Ba6 5.Nbd2 b5 6.Bg2 bxc4 7.Qa4 Bb7 8.Nxc4 Bc6
9.Qd1 Bb4+ 10.Bd2 Be7 11.O-O O-O 12.Rc1 Qc8 13.Na5 Bd5 14.Ne5 Bxg2 15.Kxg2 Qa6
16.Nd3 Ne4 17.Be1 c6 18.Qa4 f5 19.Rc2 Nf6 20.Bd2 Nd5 21.Qc4 Qb6 22.Nc5 f4
23.Qd3 Qd8 24.e4 fxe3 25.fxe3 Rxf1 26.Kxf1 Qe8 27.Kg2 Qh5 28.e4 Bxc5 29.dxc5 Qg6
30.Nc4 Nf6 31.Nd6 a5 32.Bc3 Nh5 33.Qe3 a4 34.Nc4 Na6 35.Nb6 Rd8 36.Nxa4 Rf8
37.Rf2 Rxf2+ 38.Kxf2 Nf6 39.Bxf6 Qxf6+ 40.Kg2 Qe5 41.a3 Nc7 42.Qf4 Qd4 43.Qxc7 Qxa4
44.Qd8+ Kf7 45.Qxd7+ Kf6 46.e5+ Kxe5 47.Qd6+  1-0

[Event "Open"]
[Site "Brasschaat BEL"]
[Date "2006.08.27"]
[Round "9"]
[White "Vanderhallen,N"]
[Black "Sadkowsky,D"]
[Result "0-1"]
[WhiteElo "2189"]
[BlackElo "2304"]

1.d4 Nf6 2.c4 e6 3.Nf3 b6 4.g3 Ba6 5.Nbd2 Bb4 6.Qc2 Bb7 7.Bg2 Be4 8.Qb3 Nc6
9.O-O Bxd2 10.Bxd2 O-O 11.Bc3 d5 12.Rfd1 dxc4 13.Qxc4 Qd5 14.Qxd5 Bxd5 15.Rac1 Rad8
16.Ne1 Rd6 17.Nc2 Bxg2 18.Kxg2 Rfd8 19.e3 e5 20.Re1 e4 21.b4 a6 22.a4 Nd5
23.Bd2 b5 24.axb5 axb5 25.Na3 Na7 26.Rc5 c6 27.Rec1 f5 28.h3 g5 29.f3 Re6
30.Nc2 Rde8 31.Ra1 Nc8 32.g4 f4 33.Re1 Ncb6 34.exf4 e3 35.Nxe3 Nxe3+ 36.Bxe3 Rxe3
37.Rxg5+ Kh8 38.Ra1 Nd5 39.Kg3 Nxb4 40.Re5 Nc2 41.Rd1 Rd8 42.Rc1 Rc3 43.f5 b4
44.Rc5 Nxd4  0-1

[Event "TCh-Serbia w"]
[Site "Zlatibor SCG"]
[Date "2006.08.28"]
[Round "3"]
[White "Stankovic,J"]
[Black "Rakic,Ma"]
[Result "0-1"]
[WhiteElo "1975"]
[BlackElo "2128"]

1.d4 Nf6 2.c4 e6 3.Nf3 b6 4.g3 Ba6 5.Qc2 c5 6.Bg2 Bb7 7.O-O cxd4 8.Nxd4 Qc8
9.Rd1 a6 10.Nd2 Bxg2 11.Kxg2 Qb7+ 12.N2f3 Be7 13.Bg5 O-O 14.e4 d6 15.Kg1 Nbd7
16.Nb3 Rfd8 17.Re1 Rac8 18.Qe2 h6 19.Bf4 Qc7 20.Rac1 Ne5 21.Red1 Nxf3+ 22.Qxf3 Qb7
23.Nd2 Nd7 24.e5 Qxf3 25.Nxf3 dxe5 26.Bxe5 Nxe5 27.Nxe5 Rxd1+ 28.Rxd1 Bf6
29.f4 Bxe5 30.fxe5 Rxc4 31.Rd8+ Kh7 32.Rd2 Kg6 33.b3 Rc1+ 34.Kf2 Kf5 35.Rd6 Kxe5
36.Rxb6 Rc2+ 37.Kf3 Rxa2 38.Rb7 Kf6 39.Ra7 Ra3 40.Kf4 g5+ 41.Kg4 Kg6 42.h4 h5+
43.Kh3 g4+ 44.Kg2 e5 45.b4 Ra4 46.Rb7 Ra2+ 47.Kf1 Rb2 48.Rb6+ f6 49.Rxa6 Rxb4
50.Ra8 Kf5 51.Rh8 Ke4 52.Rxh5 f5 53.Rg5 f4 54.gxf4 exf4 55.Ra5 f3 56.Rg5 Kf4
57.Rg7 Kg3 58.Ke1 f2+ 59.Ke2 Re4+ 60.Kd3 f1=Q+ 61.Kxe4 Qf3+ 62.Ke5 Qc3+  0-1

[Event "TCh-Serbia"]
[Site "Zlatibor SCG"]
[Date "2006.08.29"]
[Round "4"]
[White "Kostic,Vl"]
[Black "Markus,R"]
[Result "0-1"]
[WhiteElo "2433"]
[BlackElo "2586"]

1.d4 Nf6 2.c4 e6 3.Nf3 b6 4.g3 Ba6 5.Nbd2 d5 6.Bg2 Be7 7.Qa4+ c6 8.cxd5 Nxd5
9.a3 O-O 10.Ne4 c5 11.dxc5 bxc5 12.Qc2 Nc6 13.O-O Nd4 14.Nxd4 cxd4 15.Re1 Rc8
16.Qd2 Qb6 17.b4 Rfd8 18.Bb2 Ne3 19.Bxd4 Nxg2 20.Bxb6 Rxd2 21.Bc5 Nxe1 22.Nxd2 Bxc5
23.bxc5 Nc2  0-1

[Event "5th Open"]
[Site "Istanbul TUR"]
[Date "2006.08.31"]
[Round "2"]
[White "Yaramis,H"]
[Black "Arutinian,D"]
[Result "1/2-1/2"]
[WhiteElo "2106"]
[BlackElo "2552"]

1.d4 Nf6 2.Nf3 e6 3.c4 b6 4.g3 Ba6 5.Qc2 Bb7 6.Nc3 Bb4 7.Bg5 h6 8.Bxf6 Qxf6
9.Bg2 c5 10.dxc5 Bxc3+ 11.bxc3 Be4 12.Qd2 bxc5 13.O-O O-O 14.Qe3 Bc6 15.Ne5 Bxg2
16.Kxg2 Rd8 17.f4 a6 18.Rab1 d6 19.Rb7 Qxf4 20.gxf4  1/2-1/2

[Event "Universities"]
[Site "Istanbul TUR"]
[Date "2006.08.31"]
[Round "2"]
[White "Kalashian,D"]
[Black "Selen,D"]
[Result "1-0"]
[WhiteElo "2411"]
[BlackElo "2036"]

1.d4 Nf6 2.c4 e6 3.Nf3 b6 4.g3 Ba6 5.b3 Bb4+ 6.Bd2 Be7 7.Bg2 c6 8.Bc3 d5
9.Ne5 Nfd7 10.Nxd7 Nxd7 11.Nd2 Rc8 12.O-O O-O 13.e4 dxe4 14.Nxe4 Nf6 15.Rc1 Nxe4
16.Bxe4 Bf6 17.Qf3 Bxd4 18.Bxd4 Qxd4 19.Bxc6 Qc5 20.Be4 Rfd8 21.Rcd1 Qc7
22.Qh5 h6 23.a4 Bb7 24.Bxb7 Qxb7 25.Qg4 Qc7 26.h4 Rxd1 27.Rxd1 Rd8 28.Rd4 Rxd4
29.Qxd4 a5 30.Qd2 Qc5 31.Kf1 Kh7 32.Qf4 Kg8 33.Ke2 Qh5+ 34.Kd2 Qc5 35.Kc2 Kf8
36.Kd3 Ke7 37.Ke2 Qd6 38.Qe3 Qc5 39.Qe4 Qh5+ 40.Ke1 Qc5 41.Kf1 f5 42.Qb7+ Kf6
43.Qd7 Qb4 44.Qd4+ Kf7 45.Qd3 Qc5 46.Qd7+ Kf6 47.h5 Qb4 48.Qe8 Qxb3 49.Qg6+ Ke5
50.Qxg7+ Kd6 51.Qxh6 Qxc4+ 52.Kg1 Qg4 53.Qf8+ Kd5 54.h6 Qd1+ 55.Kg2 Qe1 56.Qa8+ Ke5  1-0

[Event "ch-U20 Panamerican"]
[Site "Bogota COL"]
[Date "2006.09.04"]
[Round "2"]
[White "Cordova,Em"]
[Black "Morales Mendoza,L"]
[Result "1-0"]
[WhiteElo "2434"]
[BlackElo "2210"]

1.d4 e6 2.Nf3 Nf6 3.c4 b6 4.g3 Ba6 5.Nbd2 b5 6.cxb5 Bxb5 7.Bg2 d5 8.O-O c5
9.dxc5 Bxc5 10.b4 Bd6 11.a4 Bd7 12.e4 Bxb4 13.e5 Ng4 14.Nb3 Nc6 15.Bf4 O-O
16.h3 Nh6 17.Nfd4 Nxd4 18.Nxd4 Qa5 19.Nb3 Qb6 20.Be3 Qb7 21.Rb1 a5 22.Bxh6 gxh6
23.Nxa5 Rxa5 24.Qg4+ Kh8 25.Rxb4 Qa7 26.Rfb1 Rxa4 27.Qf4 Rxb4 28.Qf6+ Kg8
29.Rxb4 d4 30.Be4 Bc6 31.Bxc6 Qc5 32.Ra4 Qxc6 33.Rxd4 h5 34.Kh2 Qc2 35.g4 Qg6
36.Qh4 f5 37.gxh5 Qg7 38.Qf4 Rc8 39.h6 Qg6 40.Rd7 Kh8 41.Qh4 Rg8 42.Qf6+ Qxf6
43.exf6 Rf8 44.f7 e5 45.Re7  1-0

[Event "ch-U20 Panamerican"]
[Site "Bogota COL"]
[Date "2006.09.06"]
[Round "6"]
[White "Cordova,Em"]
[Black "Munoz,Li"]
[Result "1-0"]
[WhiteElo "2434"]
[BlackElo "2332"]

1.d4 e6 2.Nf3 Nf6 3.c4 b6 4.g3 Ba6 5.Nbd2 b5 6.cxb5 Bxb5 7.Bg2 d5 8.O-O c5
9.dxc5 Bxc5 10.b4 Bd6 11.a4 Ba6 12.b5 Bb7 13.e4 Nbd7 14.Bb2 Bb4 15.e5 Ng8
16.Nb3 a5 17.Ne1 Nb6 18.Nd3 Nc4 19.Bd4 Be7 20.Ndc5 Rb8 21.Nxb7 Rxb7 22.Rc1 Rd7
23.Qg4 Kf8 24.Nc5 Bxc5 25.Bxc5+ Ne7 26.Rxc4 dxc4 27.Bc6 Rd2 28.Qxc4 Kg8 29.Bd6 Nf5
30.Qc3 Rd4 31.Qc5 Rb4 32.Qa7 Nxd6 33.Rd1 h5 34.Rxd6 Rb1+ 35.Kg2 Qg5 36.Be4  1-0

[Event "5th Open"]
[Site "Istanbul TUR"]
[Date "2006.09.06"]
[Round "8"]
[White "Vasilev,M"]
[Black "Miroshnichenko,E"]
[Result "1/2-1/2"]
[WhiteElo "2429"]
[BlackElo "2616"]

1.d4 Nf6 2.c4 e6 3.Nf3 b6 4.g3 Ba6 5.b3 b5 6.Nbd2 Bb4 7.Bg2 bxc4 8.bxc4 Bxc4
9.Rb1 Nc6 10.Rxb4 Bxe2 11.Qxe2 Nxb4 12.Nc4 Nbd5 13.O-O d6 14.Ng5 Qd7 15.h4 O-O
16.Ne3 Rab8 17.Nxd5 exd5 18.Qc2 h6 19.Nh3 Rb4 20.Nf4 c6 21.Bh3 Qb7 22.Be3 Rb8
23.Qf5 Rb1 24.Nh5 Nxh5 25.Qxh5 Qa6 26.Rxb1 Rxb1+ 27.Kh2 Qxa2 28.Qg4 Rb8 29.Bg2 Qc2
30.Bxh6 Qg6 31.Bg5 Qe6 32.Qd1 Rb4 33.Qa1 Qd7 34.Bh3 Qc7 35.Qe1 Rb8 36.h5 a5
37.h6 g6 38.h7+ Kg7 39.Bd2 Kxh7 40.Bxa5 Qa7 41.Bc3 Rb3 42.Qd2 Kg8 43.Qe1 Rb8
44.Bg2 Qd7 45.Bd2 Qe6 46.Qc1 Rc8 47.Bh3 f5 48.Bc3 Kf7 49.Bg2 Kg7 50.Qb2 g5
51.Qc1 Kg6 52.Bd2 Qf6 53.Be3 c5 54.Kg1 c4 55.Bxd5 c3 56.Bb3 f4 57.gxf4 gxf4
58.Bxf4 Qxd4 59.Bc2+ Kf6 60.Bg3 Rh8 61.Qb1 Qd2 62.Kg2 Qd5+ 63.Be4 Qd4 64.Bc2 Qd5+
65.Be4 Qh5 66.Kg1 Qc5 67.Qd3 Ke7 68.Bf5 Rg8 69.Qe4+ Qe5 70.Qxe5+ dxe5 71.Kf1 Kf6
72.Bc2 Rg4 73.Ke1 Rd4 74.f3 Rd2 75.Be4 Ke6 76.Bf2 Kd6 77.Be3 Ra2 78.Kd1 Rb2
79.Kc1 Ra2 80.Bb6 Ra6 81.Be3 Ra2  1/2-1/2

[Event "5th Open"]
[Site "Istanbul TUR"]
[Date "2006.09.06"]
[Round "8"]
[White "Dzagnidze,N"]
[Black "Shanava,K"]
[Result "1/2-1/2"]
[WhiteElo "2437"]
[BlackElo "2490"]

1.d4 Nf6 2.c4 e6 3.Nf3 b6 4.g3 Ba6 5.b3 Bb4+ 6.Bd2 Be7 7.Bg2 c6 8.O-O O-O
9.Bc3 d5 10.Nbd2 Nbd7 11.Re1 c5 12.e4 Nxe4 13.Nxe4 dxe4 14.Rxe4 Bb7 15.Re3 Bf6
16.Ne5  1/2-1/2

[Event "ch-U20 Panamerican"]
[Site "Bogota COL"]
[Date "2006.09.07"]
[Round "8"]
[White "Capo Vidal,U"]
[Black "Hungaski,R"]
[Result "1/2-1/2"]
[WhiteElo "2357"]
[BlackElo "2412"]

1.d4 Nf6 2.c4 e6 3.Nf3 b6 4.g3 Ba6 5.b3 Bb4+ 6.Bd2 Be7 7.Bg2 c6 8.Bc3 d5
9.Nbd2 O-O 10.O-O Nbd7 11.Re1 c5 12.e4 dxe4 13.Ng5 cxd4 14.Bxd4 Bb7 15.Ngxe4 Qc7
16.Qc2 Nxe4 17.Nxe4 f5 18.Nc3 Bxg2 19.Kxg2 Qc6+ 20.Kg1 Bf6 21.Bxf6 gxf6 22.f4 Rfd8
23.Qe2 Qc5+ 24.Kf1 Nf8 25.Rad1 Qc6 26.Qg2 Qxg2+ 27.Kxg2 Kf7 28.Nb5 Rxd1 29.Rxd1 a6
30.Nc3 Ke7 31.Kf3 Rc8 32.Rd3 h5 33.Ke3 Nd7 34.Na4 Nc5 35.Nxc5 bxc5 36.Kd2 a5
37.h4 a4 38.Kc3 axb3 39.axb3 Ra8 40.Kb2 Rd8 41.Re3 Rd2+ 42.Kc3 Rd1 43.b4 Rc1+
44.Kd2 Rxc4 45.bxc5 Rxc5 46.Ra3 Rb5 47.Ke3 Kd6 48.Rd3+ Kc5 49.Rd8 Rb3+ 50.Kf2 e5
51.fxe5 fxe5 52.Rf8 Rb2+ 53.Ke3 Rb3+ 54.Kf2 Kd4 55.Rxf5 Rb2+ 56.Ke1 Rg2 57.Rg5 e4
58.Kf1 Ra2 59.Rxh5 Ke3 60.Rh8 Kf3 61.Rf8+ Kxg3 62.h5 Rh2 63.h6 Rxh6 64.Ke2  1/2-1/2

[Event "ch-EU"]
[Site "Liverpool ENG"]
[Date "2006.09.07"]
[Round "2"]
[White "Gyimesi,Z"]
[Black "Gordon,S"]
[Result "1/2-1/2"]
[WhiteElo "2616"]
[BlackElo "2443"]

1.d4 Nf6 2.c4 e6 3.Nf3 b6 4.g3 Ba6 5.Nbd2 d5 6.Bg2 Bd6 7.O-O O-O 8.b3 Nbd7
9.e4 Nxe4 10.Nxe4 dxe4 11.Ng5 Nf6 12.Nxe4 Nxe4 13.Bxe4 Rb8 14.Qf3 Qc8 15.Bb2 Bb7
16.Rfe1 Bxe4 17.Rxe4 Re8 18.Rae1 Qd7 19.Kg2 Bf8 20.h4 b5 21.cxb5 Rxb5 22.Re5 Reb8
23.h5 h6 24.Rd1 Rd8 25.Rde1 Rd5 26.Rxd5 Qxd5 27.Qxd5 Rxd5 28.Re5 Bd6 29.Rxd5 exd5
30.Kf3 f6 31.Kg4 Kf7 32.Kf5 Bb4 33.Bc1 Bc3 34.Be3 Bb2 35.f3 Bc3 36.Bf2 a6
37.g4 c6 38.f4 Bd2 39.a4 Bc1 40.Bg1 Bd2  1/2-1/2

[Event "5th Open"]
[Site "Izmir TUR"]
[Date "2006.09.11"]
[Round "2"]
[White "Sipahioglu,I"]
[Black "Tsereteli,T"]
[Result "0-1"]
[WhiteElo "1959"]
[BlackElo "2331"]

1.d4 Nf6 2.c4 e6 3.Nf3 b6 4.g3 Ba6 5.b3 d5 6.Bg2 c6 7.Qc2 Be7 8.Nbd2 O-O
9.O-O Nbd7 10.Re1 Rc8 11.cxd5 cxd5 12.Qb1 Qc7 13.Bb2 Qc2 14.Bf1 Ne4 15.Rc1 Qxb1
16.Raxb1 Bb4 17.Nxe4 dxe4 18.Nh4 Bd2 19.Rd1 Rc2 20.Ng2 Rfc8 21.e3 Bxf1 22.Kxf1 Nf6
23.h3 Nd5 24.Ne1 Bxe1 25.Kxe1 Nb4 26.Rd2 Rxd2 27.Kxd2 Rc2+  0-1

[Event "ch-EU"]
[Site "Liverpool ENG"]
[Date "2006.09.11"]
[Round "6"]
[White "Gormally,D"]
[Black "Devereaux,M"]
[Result "0-1"]
[WhiteElo "2513"]
[BlackElo "2377"]

1.d4 Nf6 2.c4 e6 3.Nf3 b6 4.g3 Ba6 5.Qc2 Bb7 6.Bg2 c5 7.d5 exd5 8.cxd5 Bxd5
9.Nc3 Bc6 10.e4 d6 11.Bf4 Nh5 12.Be3 Be7 13.O-O-O Nd7 14.e5 Nxe5 15.Nxe5 Bxg2
16.Qa4+ Kf8 17.Rhg1 Bb7 18.g4 Nf6 19.g5 Nh5 20.Qb3 Qe8 21.Nc4 Rd8 22.Nd5 Bxd5
23.Rxd5 b5 24.Nd2 g6 25.Ne4 Ng7 26.Rgd1 Nf5 27.Ng3 Nxe3 28.Qxe3 h6 29.gxh6 Kg8
30.Re1 Rd7 31.Qf4 Qf8 32.Nf5 Rh7 33.Nxe7+ Rxe7 34.Rxe7 Qxe7 35.Qd2 Qf8 36.Rxd6 Qxh6
37.Rd8+ Kg7 38.f4 Qh3 39.Rd3 Qf1+ 40.Kc2 b4 41.b3 Rh4  0-1

[Event "EU-chG18"]
[Site "Herceg Novi MNE"]
[Date "2006.09.12"]
[Round "3"]
[White "Kublashvili,E"]
[Black "Purtseladze,M"]
[Result "0-1"]
[WhiteElo "2149"]
[BlackElo "2329"]

1.Nf3 Nf6 2.d4 e6 3.c4 b6 4.g3 Ba6 5.b3 Bb4+ 6.Bd2 Be7 7.Nc3 c6 8.e4 d5 9.e5 Ne4
10.Bd3 Nxd2 11.Qxd2 O-O 12.O-O Bb7 13.cxd5 cxd5 14.a3 Ba6 15.Nb5 Bxb5 16.Bxb5 a6
17.Bd3 b5 18.Qe2 Qb6 19.Rfc1 Nc6 20.Bxh7+ Kxh7 21.Qc2+ Kg8 22.Qxc6 Qxc6 23.Rxc6 Rfc8
24.Rxc8+ Rxc8 25.Kf1 Rc3 26.Nd2 Bd8 27.Re1 Bb6 28.Re3 Bxd4 29.Rxc3 Bxc3 30.Nf3 f6
31.exf6 gxf6 32.Ne1 e5 33.Nd3 Kf7 34.Ke2 f5 35.h4 a5 36.Nc5 e4 37.f3 Kf6
38.g4 Bb2 39.gxf5 Bxa3 40.Nb7 a4 41.Na5 Bb4 42.Nc6 Bc3 43.bxa4 bxa4  0-1

[Event "ch-EU"]
[Site "Liverpool ENG"]
[Date "2006.09.14"]
[Round "9"]
[White "Sarakauskas,G"]
[Black "Gyimesi,Z"]
[Result "1/2-1/2"]
[WhiteElo "2414"]
[BlackElo "2616"]

1.d4 Nf6 2.Nf3 e6 3.c4 b6 4.g3 Ba6 5.b3 b5 6.cxb5 Bxb5 7.Bg2 d5 8.Nc3 Ba6
9.Na4 Nbd7 10.Qc2 c5 11.Nxc5 Nxc5 12.dxc5 Qa5+ 13.Bd2 Qxc5 14.Qxc5 Bxc5 15.b4 Bb6
16.a4 Ne4 17.e3 Nxd2 18.Kxd2 Ke7 19.a5 Bc7 20.Nd4 Be5 21.Nc6+ Kd6 22.Nxe5 Kxe5
23.Rhc1 Rhc8 24.Rxc8 Rxc8 25.Rc1 Rxc1 26.Kxc1 Kd6 27.Kd2 g5 28.Kc3 e5 29.Bf3  1/2-1/2

[Event "ch-EU"]
[Site "Liverpool ENG"]
[Date "2006.09.15"]
[Round "10"]
[White "Dunn,An1"]
[Black "Legge,A"]
[Result "1-0"]
[WhiteElo "2199"]
[BlackElo "1717"]

1.d4 Nf6 2.Nf3 e6 3.c4 b6 4.g3 Ba6 5.b3 Bb4+ 6.Bd2 Qe7 7.Bg2 Bb7 8.O-O Bxd2
9.Qxd2 d6 10.Nc3 O-O 11.Rfe1 Ne4 12.Qc2 Nxc3 13.Ng5 Ne4 14.Bxe4 d5 15.Bxd5 Qxg5
16.Bxb7 Nd7 17.Bxa8 Rxa8 18.Qe4 Rf8 19.Qf4 Qg6 20.Qxc7 Nf6 21.Qf4 Nh5 22.Qe5 f5
23.d5 exd5 24.Qxd5+ Kh8 25.Rad1 f4 26.Qd6 Qf7 27.Rf1 Re8 28.Qd7 Qf8 29.Qg4 g6
30.Rd2 Qh6 31.Rfd1 fxg3 32.hxg3  1-0

[Event "TCh-FIN 2006-7"]
[Site "Espoo FIN"]
[Date "2006.09.16"]
[Round "1"]
[White "Veingold,A"]
[Black "Solozhenkin,E"]
[Result "1/2-1/2"]
[WhiteElo "2443"]
[BlackElo "2508"]

1.d4 Nf6 2.Nf3 e6 3.c4 b6 4.g3 Ba6 5.b3 b5 6.cxb5 Bxb5 7.Bg2 d5 8.Nc3 Ba6
9.O-O Nbd7 10.Bb2 Be7 11.Rc1 O-O 12.Re1 Rc8 13.e4  1/2-1/2

[Event "EU-chG16"]
[Site "Herceg Novi MNE"]
[Date "2006.09.16"]
[Round "6"]
[White "Rakic,Ma"]
[Black "Ozturk,K"]
[Result "0-1"]
[WhiteElo "2128"]
[BlackElo "2110"]

1.d4 Nf6 2.c4 e6 3.Nf3 b6 4.g3 Ba6 5.Nbd2 Bb4 6.Qc2 Bb7 7.Bg2 Be4 8.Qb3 c5
9.O-O Bxd2 10.Bxd2 Nc6 11.dxc5 bxc5 12.Qe3 Qe7 13.Bc3 Bxf3 14.Bxf3 Rc8 15.Rad1 O-O
16.Qg5 Rfd8 17.Rd2 Nd4 18.Bxd4 cxd4 19.Rxd4 e5 20.Rg4 g6 21.Rh4 Re8 22.Qh6 Qf8
23.Qxf8+ Kxf8 24.Bb7 Rb8 25.Bd5 g5 26.Rh3 Rxb2 27.e4 Kg7 28.f4 g4 29.Rh4 h5
30.h3 Rxa2 31.hxg4 hxg4 32.Rh2 Rxh2 33.Kxh2 exf4 34.Rxf4 a5 35.c5 Rc8 36.c6 dxc6
37.Bb3 Rb8 38.Ba4 Rb2+ 39.Kg1 c5 40.e5 Nd5 41.Rxg4+ Kf8 42.Bc6 Nb4 43.Ba4 Ra2
44.Bb3 Ra3 45.Bc4 a4 46.Rf4 Rxg3+ 47.Kh2 Rc3 48.e6 f6 49.Rh4 a3 50.Bb5 Ke7
51.Bd7 a2 52.Rh7+ Kd6  0-1

[Event "2nd Geller Mem Open-A"]
[Site "Odessa UKR"]
[Date "2006.09.21"]
[Round "3"]
[White "Brodsky,M"]
[Black "Tunik,G"]
[Result "1-0"]
[WhiteElo "2571"]
[BlackElo "2488"]

1.d4 Nf6 2.c4 e6 3.Nf3 b6 4.g3 Ba6 5.b3 Bb4+ 6.Bd2 Be7 7.Bg2 c6 8.Bc3 d5
9.Ne5 Nfd7 10.Nxd7 Nxd7 11.Nd2 O-O 12.O-O Nf6 13.e4 dxe4 14.Nxe4 Nxe4 15.Bxe4 Rc8
16.Re1 Bf6 17.Qd3 h6 18.Rad1 Qd6 19.Qf3 Rfe8 20.h4 Bb7 21.c5 Qd8 22.a4 Re7
23.b4 Ba8 24.Qe3 Rd7 25.Bc2 h5 26.Qf3 bxc5 27.bxc5 Rd5 28.Be4 g6 29.Bxd5 cxd5
30.Rb1 Bg7 31.Qf4 Bc6 32.a5 Qe8 33.a6 Bb5 34.Rb3 Kh7 35.Bd2 Bxa6 36.Ra3 Bc4
37.Rxa7 Kg8 38.Ba5 Bd3 39.Bc7 Bf5 40.Be5 f6 41.Bd6 Qb5 42.Qd2 Be4 43.Qa5 Qd3
44.Qa6 Qxa6 45.Rxa6 g5 46.Rea1  1-0

[Event "15th TCh-CRO"]
[Site "Sibenik CRO"]
[Date "2006.09.22"]
[Round "1"]
[White "Rezan,S"]
[Black "Lenic,L"]
[Result "1/2-1/2"]
[WhiteElo "2419"]
[BlackElo "2500"]

1.d4 Nf6 2.c4 e6 3.Nf3 b6 4.g3 Ba6 5.b3 b5 6.cxb5 Bxb5 7.Bg2 d5 8.Nc3 Ba6
9.b4 Nbd7 10.Rb1 Be7 11.O-O O-O 12.Re1 Bb7 13.Bf4 Nb6 14.Ne5 a5 15.a3 axb4
16.axb4 Nfd7 17.Nd3 Ba6 18.e4 c6 19.b5 Bxb5 20.Nxb5 cxb5 21.exd5 Nxd5 22.Bxd5 exd5
23.Rxb5 Nf6 24.Bg5 h6 25.Bxf6 Bxf6 26.Ne5 Qd6 27.Qf3 Rad8 28.Qb3 Rfe8  1/2-1/2

[Event "1st TCH-MNE"]
[Site "Herceg Novi MNE"]
[Date "2006.09.25"]
[Round "4"]
[White "Blagojevic,Dr"]
[Black "Stanojevic,B"]
[Result "1-0"]
[WhiteElo "2529"]
[BlackElo "2334"]

1.d4 Nf6 2.c4 e6 3.Nf3 b6 4.g3 Ba6 5.b3 Bb4+ 6.Bd2 Be7 7.Bg2 c6 8.O-O d5
9.Qc2 O-O 10.Rd1 Nbd7 11.Bf4 Rc8 12.Nc3 Bb4 13.a3 Bxc3 14.Qxc3 Ne4 15.Qb2 Qe7
16.Rab1 Rfe8 17.Ne1 Nd6 18.Nd3 dxc4 19.Nb4 Bb7 20.bxc4 Red8 21.c5 bxc5 22.dxc5 Ne8
23.Bd6 Qf6 24.Qc2 a5 25.Na2 Ba6 26.Bf4 e5 27.Be3 Nf8 28.Nc3 Ne6 29.Ne4 Qg6
30.Qb2 Nd4 31.Bxd4 exd4 32.Rxd4 Rxd4 33.Qxd4 Bxe2 34.Nd6 Nxd6 35.cxd6 Bg4
36.d7 Rd8 37.Re1 Be6 38.Bxc6 h5 39.Qh4 Qf6 40.Qxh5  1-0

[Event "1st TCH-MNE"]
[Site "Herceg Novi MNE"]
[Date "2006.09.26"]
[Round "5"]
[White "Lekic,D"]
[Black "Brajovic,R"]
[Result "1/2-1/2"]
[WhiteElo "2356"]
[BlackElo "2279"]

1.d4 Nf6 2.c4 e6 3.Nf3 b6 4.g3 Ba6 5.b3 Bb4+ 6.Bd2 Be7 7.Bg2 c6 8.Bc3 d5
9.Ne5 Nfd7 10.Nxd7 Nxd7 11.Nd2 O-O 12.O-O Rc8 13.e4 c5 14.exd5 exd5 15.dxc5 dxc4
16.c6 cxb3 17.Re1 b2 18.Bxb2 Nc5 19.Nc4 Bxc4 20.Qg4 Bg5 21.Qxc4 Nd3 22.Bd5 Nxe1
23.Rxe1 Bf6 24.Bxf6 Qxf6 25.c7 Qd6 26.Rc1  1/2-1/2

[Event "Vojvodina Quality League m"]
[Site "Sremska Mitrovica SRB"]
[Date "2006.09.27"]
[Round "8"]
[White "Indjic,S"]
[Black "Kostic,Brani"]
[Result "0-1"]
[WhiteElo "1972"]
[BlackElo "2286"]

1.d4 Nf6 2.c4 e6 3.Nf3 b6 4.g3 Ba6 5.b3 Bb4+ 6.Bd2 Be7 7.Bg2 c6 8.Bc3 d5
9.Nbd2 O-O 10.O-O Nbd7 11.Re1 Qc7 12.e4 dxe4 13.Nxe4 b5 14.Nxf6+ Bxf6 15.Rc1 bxc4
16.bxc4 Nb6 17.Ba5 Qc8 18.c5 Nd5 19.Ne5 Bxe5 20.dxe5 Rb8 21.Rb1 Bc4 22.Qd2 Qa6
23.Be4 Rfc8 24.Rec1 Rb5 25.Rxb5 cxb5 26.Bxd5 Bxd5 27.a3 h6 28.Qb4 Bb7 29.Rc3 Qc6
30.f3 Qd5 31.Qxb5 Bc6 32.Qe2 g5 33.h3 Rb8 34.Bb4 a5 35.Bxa5 Rb1+ 36.Kg2 Bb5
37.Qc2 Ra1 38.Qf2 Qd1 39.Rc1 Rxc1 40.Qe3 Qf1+  0-1

[Event "15th TCh-CRO"]
[Site "Sibenik CRO"]
[Date "2006.09.29"]
[Round "8"]
[White "Dizdarevic,E"]
[Black "Horvath,Cs1"]
[Result "1/2-1/2"]
[WhiteElo "2489"]
[BlackElo "2534"]

1.d4 Nf6 2.Nf3 e6 3.c4 b6 4.g3 Ba6 5.b3 Bb4+ 6.Bd2 Be7 7.Bg2 c6 8.Bc3 d5
9.Nbd2 Nbd7 10.O-O O-O 11.Re1 c5 12.e4 dxe4 13.Nxe4 Nxe4 14.Rxe4 Bb7 15.Re3 Bf6
16.dxc5 Bxc3 17.Rxc3 Nxc5 18.b4 Ne4 19.Re3 Qe7 20.Nd4 Nf6 21.Bxb7 Qxb7 22.Qf3 Qxf3
23.Rxf3 Rac8 24.Rc1 Rfd8  1/2-1/2

[Event "Tatry Open"]
[Site "Tatranske Zruby SVK"]
[Date "2006.09.29"]
[Round "8"]
[White "Mozny,M"]
[Black "Pacher,M"]
[Result "1-0"]
[WhiteElo "2385"]
[BlackElo "2227"]

1.d4 Nf6 2.Nf3 e6 3.c4 b6 4.g3 Ba6 5.b3 Bb4+ 6.Bd2 Be7 7.Nc3 Bb7 8.Bg2 O-O
9.O-O c5 10.d5 exd5 11.Nh4 Ne4 12.Nf5 Bf6 13.Rc1 Bxc3 14.Bxc3 Nxc3 15.Rxc3 Qf6
16.Bxd5 Bxd5 17.Qxd5 Qxc3 18.Ne7+ Kh8 19.Qxa8 Qe5 20.Nd5 Qxe2 21.Qxa7 Nc6
22.Qxd7 Nd4 23.Qe7 Qxe7 24.Nxe7 Ra8 25.Nd5 Rxa2 26.Rb1 Nf3+ 27.Kg2 Nd2 28.Re1 g6
29.Re2 Rb2 30.Nxb6 Kg7 31.Na4 Rc2 32.Nxc5  1-0

[Event "15th TCh-CRO"]
[Site "Sibenik CRO"]
[Date "2006.09.30"]
[Round "9"]
[White "Rezan,S"]
[Black "Franic,M"]
[Result "0-1"]
[WhiteElo "2419"]
[BlackElo "2392"]

1.d4 Nf6 2.c4 e6 3.Nf3 b6 4.g3 Ba6 5.b3 Bb4+ 6.Bd2 Be7 7.Bg2 c6 8.Bc3 d5
9.Ne5 Nfd7 10.Nxd7 Nxd7 11.Nd2 f5 12.O-O O-O 13.Rc1 Rc8 14.Bb2 b5 15.c5 b4
16.Nf3 Bb5 17.Qd2 a5 18.Qe3 Rf6 19.Ra1 Qe8 20.a3 bxa3 21.Rxa3 Bd8 22.Bc3 Bc7
23.Ne5 Nxe5 24.dxe5 Rh6 25.Bxa5 Qh5 26.h4 f4 27.Qxf4 Bxe5 28.Qg5 Bd4 29.Bf3 Qf7
30.Bb6 Qf8 31.Qc1 Rf6 32.Rd1 e5 33.b4 Re8 34.Bc7 Qf7 35.Bd6 Bxe2 36.Rxd4 exd4
37.Bf4 d3 38.Bg2 Rxf4 39.gxf4 Qg6 40.h5 Qg4 41.Qe1 Kf8 42.h6 gxh6 43.Qa1 Qg7
44.Qxg7+ Kxg7 45.Ra2 Bg4 46.Bf1 Re1 47.Kg2 Be2 48.Bxe2 Rxe2 49.Ra7+ Kg6 50.Kf3 Re4
51.Ra2 Rxb4 52.Ke3 Rc4 53.Kxd3 Rxc5 54.Kd4 Rc4+ 55.Ke5 Re4+ 56.Kd6 Rxf4 57.Kxc6 d4
58.Kd5 Kf5 59.Ra3 h5 60.Rh3 h4 61.Rh1 d3 62.Rd1 h3 63.Rxd3 Rh4 64.Rf3+ Kg4  0-1

[Event "Greek Teams Cup Final"]
[Site "Athens GRE"]
[Date "2006.10.01"]
[Round "2.1"]
[White "Banikas,H"]
[Black "Kalesis,N"]
[Result "1-0"]
[WhiteElo "2576"]
[BlackElo "2435"]

1.d4 Nf6 2.c4 e6 3.Nf3 b6 4.g3 Ba6 5.b3 b5 6.cxb5 Bxb5 7.Bg2 c5 8.O-O Bc6
9.Bb2 Be7 10.Nbd2 a5 11.dxc5 Bxc5 12.e4 O-O 13.e5 Ne4 14.Nc4 d5 15.exd6 Nxd6
16.Nxd6 Qxd6 17.Qc2 Qe7 18.Rad1 Na6 19.Rfe1 Rfd8 20.Qc3 Qf8 21.Ng5 Bxg2 22.Qc2 g6
23.Kxg2 Rac8 24.Qe2 Nc7 25.Qe5 f6 26.Qxf6 Qxf6 27.Bxf6 Rxd1 28.Rxd1 Nd5 29.Ba1 Rd8
30.Re1 Nc7 31.Bc3 Bb4 32.Bxb4 axb4 33.Re4 Rd2 34.Rxb4 Rxa2 35.Rb8+  1-0

[Event "7th Veselin Boskovic Mem Op"]
[Site "Beograd SRB"]
[Date "2006.10.02"]
[Round "1"]
[White "Kosovac,M"]
[Black "Ostojic,N"]
[Result "0-1"]
[WhiteElo "2069"]
[BlackElo "2412"]

1.d4 Nf6 2.c4 e6 3.Nf3 b6 4.g3 Ba6 5.b3 b5 6.e3 bxc4 7.bxc4 c5 8.Be2 cxd4
9.exd4 Be7 10.O-O O-O 11.Nc3 Qc8 12.Nb5 Bxb5 13.cxb5 Nd5 14.Qb3 a6 15.Bb2 axb5
16.Bxb5 Na6 17.Rfc1 Nac7 18.a4 Rb8 19.Ba3 Bxa3 20.Rxa3 Qb7 21.Bc4 Qa7 22.Qd1 Qa5
23.Ne5 Rbd8 24.Nd3 d6 25.Qe1 Qa7 26.Qe4 Rb8 27.Raa1 Nf6 28.Qh4 d5 29.Bb5 Nxb5
30.axb5 Qd7 31.Ne5 Qxb5 32.Nc6 Rb7 33.Qf4 Qb2 34.Ra5 h6 35.Rac5 Qa2 36.R5c2 Rb2
37.Ne7+ Kh7 38.Rc8 Rxc8 39.Rxc8 Qb1+ 40.Rc1 Qe4 41.Qxe4+ Nxe4 42.Rf1 Rc2
43.f3 Nf6  0-1